LIBRARY & INFORMATION CENTRE, KCAET, TAVANUR

ONLINE PUBLIC ACCESS CATALOGUE (OPAC)

Advanced Drying Technologies (Record no. 13868)

MARC details
000 -LEADER
fixed length control field 00332nam a22001457a 4500
020 ## - INTERNATIONAL STANDARD BOOK NUMBER
ISBN 9781420073874
082 ## - DEWEY DECIMAL CLASSIFICATION NUMBER
Classification number 660.284 26 KUD/AD
100 ## - MAIN ENTRY--AUTHOR NAME
Personal name Kudra, Tadeusz
100 ## - MAIN ENTRY--AUTHOR NAME
Personal name Mujumdar, Arun S
245 ## - TITLE STATEMENT
Title Advanced Drying Technologies
250 ## - EDITION STATEMENT
Edition statement Ed 2
260 ## - PUBLICATION, DISTRIBUTION, ETC. (IMPRINT)
Place of publication Boca Raton
Name of publisher CRC Press
Year of publication 2009
300 ## - PHYSICAL DESCRIPTION
Number of Pages 462
942 ## - ADDED ENTRY ELEMENTS (KOHA)
Koha item type Books
Holdings
Withdrawn status Lost status Damaged status Collection code Home library Current library Shelving location Date acquired Source of acquisition Cost, normal purchase price Full call number Accession Number Koha item type
      Reference KAUAET KAUAET Reference1 31/03/2012 Universal Research Books, Thrissur 10426.70 660.284 26 KUD/AD 22619 Books
free website counter